Nelson's History of the war. (Record no. 553301)
[ view plain ]
| 000 -LEADER | |
|---|---|
| fixed length control field | 00619cam a22001691 4500 |
| 082 ## - DEWEY DECIMAL CLASSIFICATION NUMBER | |
| Classification number | 940.4 |
| Author Mark | BUC |
| 100 1# - MAIN ENTRY--PERSONAL NAME | |
| Personal name | Buchan, John, |
| 9 (RLIN) | 11826 |
| 245 10 - TITLE STATEMENT | |
| Title | Nelson's History of the war. |
| Statement of responsibility, etc. | By John Buchan. |
| 260 ## - PUBLICATION, DISTRIBUTION, ETC. | |
| Place of publication, distribution, etc. | London, |
| -- | New York, |
| Name of publisher, distributor, etc. | T. Nelson |
| Date of publication, distribution, etc. | [1915-1919] |
| 300 ## - PHYSICAL DESCRIPTION | |
| Extent | 24 v. |
| Other physical details | maps (part fold.) diagrs. |
| Dimensions | 19 cm. |
| 500 ## - GENERAL NOTE | |
| General note | "With a preface by the Earl of Roseberry, K. G."--t.-p. of vol. I. |
| 500 ## - GENERAL NOTE | |
| General note | Subsequently published in 4 volumes under title: A history of the great war. |
| 526 ## - STUDY PROGRAM INFORMATION NOTE | |
| Program name | 0 |
| Interest level | 0 |
| Reading level | 0 |
| Title point value | 940_400000000000000_BUC |
| 650 #0 - SUBJECT ADDED ENTRY--TOPICAL TERM | |
| Topical term or geographic name entry element | MCE |
| 9 (RLIN) | 379 |
| 650 #0 - SUBJECT ADDED ENTRY--TOPICAL TERM | |
| Topical term or geographic name entry element | World War, 1914-1918. |
| 9 (RLIN) | 28173 |
| 942 ## - ADDED ENTRY ELEMENTS (KOHA) | |
| Source of classification or shelving scheme | |
| Koha item type | Book |
| Withdrawn status | Lost status | Source of classification or shelving scheme | Damaged status | Not for loan | Permanent Location | Current Location | Shelving location | Date acquired | Total Checkouts | Full call number | Barcode | Date last seen | Price effective from | Koha item type |
|---|---|---|---|---|---|---|---|---|---|---|---|---|---|---|
| Military College of Engineering (MCE) | Military College of Engineering (MCE) | 02/03/2015 | 940.4 BUC | MCE-ECN/53 | 02/03/2015 | 02/03/2015 | Book |
